000
00293nam a2200109Ia 4500
008
190912s9999||||xx |||||||||||||| ||und||
100
_a
Jan M. Dawood
245
4
_a
The Role of Superior Judiciary In The politics of Pakistan
260
_a
Karachi
_b
Education
_c
1994
300
_a
150
942
_c
BK
999
_c
7672
_d
7672